| 000 | 01284cab a2200421 4500 | ||
|---|---|---|---|
| 001 | ABS58959 | ||
| 008 | 090401t1998 xxu||||| |||| 00| 0 eng d | ||
| 035 | _a(Sirsi) u87112 | ||
| 041 | _aeng | ||
| 100 | _aBarr, W. | ||
| 245 | _aAgricultural law update | ||
| 260 | _c1998 | ||
| 350 | _a0 | ||
| 490 |
_aSolicitors` Journal _v142(24) 19 June 1998, 567-568(12) |
||
| 520 | _aDiscusses recent case law affectingfarms and farm businesses; concentrating on farm partnerships, rights of way and agricultural occupancy conditions. | ||
| 650 | _aAGRICULTURAL OCCUPANCY CONDITIONS | ||
| 650 | _aCALCOTT V JS BLOOR (MEASHAM) LTD | ||
| 650 | _aCREWE SERVICES AND INVESTMENT V SILK | ||
| 650 | _aDAVIES V ACKROYD | ||
| 650 | _aFARM PARTNERSHIPS | ||
| 650 | _aFAULKS V FAULKS | ||
| 650 | _aFREEHOLD REVERSION | ||
| 650 | _aHURST V BRYK | ||
| 650 | _aJOBSON V RECORD | ||
| 650 | _aMILK QUOTA | ||
| 650 | _aNORTH DEVON DC V SOS ENVIRONMENT | ||
| 650 | _aORGEE V ORGEE | ||
| 650 | _aPARTNERSHIP DISPUTES | ||
| 650 | _aPOPAT V SHONCHHATRA | ||
| 650 | _aR V ARUN DC EX P FOWLER | ||
| 650 | _aRIGHTS OF WAY | ||
| 650 | _aSECURE TENANCY | ||
| 650 | _aSECURITY OF TENURE | ||
| 650 | _aTENANCY | ||
| 690 | _aRURAL PRACTICE | ||
| 942 | _n0 | ||
| 948 | _c01/07/1998 | ||
| 999 |
_c54902 _d54902 |
||